|
|
|
|
| LEADER |
00000cam a22000002c 4500 |
| 001 |
1840065222 |
| 003 |
DE-627 |
| 005 |
20250706104647.0 |
| 007 |
cr uuu---uuuuu |
| 008 |
230324s2001 xx |||||os 00| ||eng c |
| 024 |
7 |
|
|a 10.3886/ICPSR02682.v1
|2 doi
|
| 035 |
|
|
|a (DE-627)1840065222
|
| 035 |
|
|
|a (DE-599)KXP1840065222
|
| 040 |
|
|
|a DE-627
|b ger
|c DE-627
|e rda
|
| 041 |
|
|
|a eng
|
| 084 |
|
|
|a 2,1
|2 ssgn
|
| 110 |
2 |
|
|a USA
|b Bureau of Justice Statistics
|e VerfasserIn
|0 (DE-588)128916-0
|0 (DE-627)102383049
|0 (DE-576)190702192
|4 aut
|
| 245 |
1 |
0 |
|a Annual Survey of Jails: Jurisdiction-Level Data, 1998
|
| 264 |
|
1 |
|a [Erscheinungsort nicht ermittelbar]
|b [Verlag nicht ermittelbar]
|c 2001
|
| 336 |
|
|
|a Text
|b txt
|2 rdacontent
|
| 337 |
|
|
|a Computermedien
|b c
|2 rdamedia
|
| 338 |
|
|
|a Online-Ressource
|b cr
|2 rdacarrier
|
| 520 |
|
|
|a This collection provides annual data on jail populations across the nation and examines the "spillover" on local jails resulting from the dramatic growth in federal and state prison populations. These data are used to track growth in the number of jails and their capacities nationally, changes in the demographics of the jail population (including sex, race, and adult or juvenile status), supervision status of persons held, prevalence of crowding issues, and a count of non-U.S. citizens within the jail population. A special addendum to the 1998 survey included data on the prevalence and results of drug testing and treatment in jails.
|
| 540 |
|
|
|a ICPSR Terms of Use
|
| 650 |
0 |
7 |
|0 (DE-588)4073137-6
|0 (DE-627)106093193
|0 (DE-576)209189517
|a Justizvollzugsanstalt
|2 gnd
|
| 650 |
0 |
7 |
|0 (DE-588)4057808-2
|0 (DE-627)106149415
|0 (DE-576)20912377X
|a Strafvollzug
|2 gnd
|
| 650 |
0 |
7 |
|0 (DE-588)4057788-0
|0 (DE-627)104540796
|0 (DE-576)209123710
|a Strafgefangener
|2 gnd
|
| 650 |
0 |
7 |
|0 (DE-588)4071628-4
|0 (DE-627)106097237
|0 (DE-576)209184523
|a Gefängnis
|2 gnd
|
| 650 |
0 |
7 |
|0 (DE-588)4197653-8
|0 (DE-627)105194778
|0 (DE-576)21011679X
|a Überbelegung
|2 gnd
|
| 650 |
0 |
7 |
|0 (DE-588)4048610-2
|0 (DE-627)106190091
|0 (DE-576)20907860X
|a Rauschgift
|2 gnd
|
| 650 |
0 |
7 |
|0 (DE-588)4122122-9
|0 (DE-627)104501057
|0 (DE-576)209548908
|a Drogentherapie
|2 gnd
|
| 650 |
0 |
7 |
|0 (DE-588)4246600-3
|0 (DE-627)104815302
|0 (DE-576)210480858
|a Bevölkerungsstruktur
|2 gnd
|
| 650 |
0 |
7 |
|0 (DE-588)4333437-4
|0 (DE-627)148058949
|0 (DE-576)211340499
|a Bewährung
|2 gnd
|
| 650 |
0 |
7 |
|0 (DE-588)4011412-0
|0 (DE-627)106352881
|0 (DE-576)208893407
|a Demographie
|2 gnd
|
| 650 |
|
4 |
|a correctional facilities
|
| 650 |
|
4 |
|a Correctional System
|
| 650 |
|
4 |
|a demographic characteristics
|
| 650 |
|
4 |
|a Drug Testing
|
| 650 |
|
4 |
|a Drugs
|
| 650 |
|
4 |
|a Jail inmates
|
| 650 |
|
4 |
|a Jails
|
| 650 |
|
4 |
|a overcrowding effects
|
| 650 |
|
4 |
|a population characteristics
|
| 650 |
|
4 |
|a Probation
|
| 650 |
|
4 |
|a treatment programs
|
| 655 |
|
7 |
|a Statistik
|y 1998
|z USA
|0 (DE-588)4056995-0
|0 (DE-627)106152955
|0 (DE-576)209119799
|2 gnd-content
|
| 655 |
|
7 |
|a Forschungsdaten
|0 (DE-588)1098579690
|0 (DE-627)857755366
|0 (DE-576)469182156
|2 gnd-content
|
| 787 |
0 |
8 |
|i Forschungsdaten zu
|a O'Brien, Timothy L.
|t Arresting confidence: Mass incarceration and Black-White differences in perceptions of legal authorities
|d 2020
|w (DE-627)1912460483
|
| 787 |
0 |
8 |
|i Forschungsdaten zu
|a Kajeepeta, Sandhya
|t Association between county jail incarceration and cause-specific county mortality in the USA, 1987-2017: A retrospective, longitudinal study
|d 2021
|w (DE-627)191246389X
|
| 787 |
0 |
8 |
|i Forschungsdaten zu
|a Minton, Todd D.
|t Census of Jails: Population Changes, 1999-2013
|d U.S. Department of Justice, Office of Justice Programs, Bureau of Justice Statistics, 2015
|w (DE-627)1912474085
|
| 787 |
0 |
8 |
|i Forschungsdaten zu
|a Pew Charitable Trusts
|t Comprehensive Policies Can Improve Probation and Parole
|d Pew Charitable Trusts, 2020
|w (DE-627)1912488590
|
| 787 |
0 |
8 |
|i Forschungsdaten zu
|t Correctional Populations in the United States, 1998
|d [Erscheinungsort nicht ermittelbar] : United States Department of Justice, Bureau of Justice Statistics, 2002
|w (DE-627)1912493578
|
| 787 |
0 |
8 |
|i Forschungsdaten zu
|a Zhao, Jingxuan
|t County-level jail and state-level prison incarceration and cancer mortality in the United States
|d 2024
|w (DE-627)1912495112
|
| 787 |
0 |
8 |
|i Forschungsdaten zu
|a Zimring, Franklin E., 1942 -
|t Crime, law enforcement, and sentencing in an era of prison expansion
|d Oxford University Press, 2020
|w (DE-627)1912498774
|
| 787 |
0 |
8 |
|i Forschungsdaten zu
|a Johnson, Calvin
|t Criminal Justice: Changing Course on Incarceration
|d Data Center, 2015
|w (DE-627)1912500957
|
| 787 |
0 |
8 |
|i Forschungsdaten zu
|a Wilson, Doris James
|t Drug Use, Testing, and Treatment in Jails
|d United States Department of Justice, Bureau of Justice Statistics, 2000
|w (DE-627)1912524279
|
| 787 |
0 |
8 |
|i Forschungsdaten zu
|a Liu, Patrick
|t The Economics of Bail and Pretrial Detention
|d Brookings, 2018
|w (DE-627)1912526832
|
| 787 |
0 |
8 |
|i Forschungsdaten zu
|a Yoon, Jangho
|t Effect of increased private share of inpatient psychiatric resources on jail population growth: Evidence from the United States
|d 2011
|w (DE-627)1912528843
|
| 787 |
0 |
8 |
|i Forschungsdaten zu
|a Tomic, Aleksandar
|t Effects of judicial selection on criminal sentencing
|d Palgrave Macmillan, 2010
|w (DE-627)191253181X
|
| 787 |
0 |
8 |
|i Forschungsdaten zu
|a Williams, Cynthia-Lee
|t An examination of inmate physical assaults on jail correctional staff: Exploring inmate-level and jail-level conditions in the United States
|d 2016
|w (DE-627)1912545063
|
| 787 |
0 |
8 |
|i Forschungsdaten zu
|a Ryo, Emily
|t Jailing Immigrant Detainees: A National Study of County Participation in Immigration Detention, 1983-2013
|d University of Southern California Law School, 2019
|w (DE-627)1912600293
|
| 787 |
0 |
8 |
|i Forschungsdaten zu
|a Campaign for Youth Justice
|t Jailing Juveniles: The dangers of incarcerating youth in adult jails in America
|d [Erscheinungsort nicht ermittelbar] : Campaign for Youth Justice, 2007
|w (DE-627)1912600307
|
| 787 |
0 |
8 |
|i Forschungsdaten zu
|a Strange, C.C.
|t Jail utilization and court sentencing: Does jail overcrowding influence state court sentencing decisions?
|d 2024
|w (DE-627)191260082X
|
| 787 |
0 |
8 |
|i Forschungsdaten zu
|a Strange, C.C.
|t Judicial Variation in Sentencing and the Contributions of Caseloads and Contexts
|d [Erscheinungsort nicht ermittelbar] : University of Cincinnati, 2021
|w (DE-627)1912601788
|
| 787 |
0 |
8 |
|i Forschungsdaten zu
|a Johnson, Calvin
|t Justice in Katrina's Wake: Changing Course on Incarceration in New Orleans
|d [Erscheinungsort nicht ermittelbar] : Vera Institute of Justice, 2015
|w (DE-627)1912602547
|
| 787 |
0 |
8 |
|i Forschungsdaten zu
|a Knapp, Courtney
|t Local planning in the age of mass decarceration
|d 2020
|w (DE-627)1912611058
|
| 787 |
0 |
8 |
|i Forschungsdaten zu
|a Sawyer, Wendy
|t Mass Incarceration: The Whole Pie 2019
|d [Erscheinungsort nicht ermittelbar] : [Verlag nicht ermittelbar], 2019
|w (DE-627)1912617080
|
| 787 |
0 |
8 |
|i Forschungsdaten zu
|a Ditton, Paula M.
|t Mental Health and Treatment of Inmates and Probationers
|d [Erscheinungsort nicht ermittelbar] : United States Department of Justice, Bureau of Justice Statistics, 1999
|w (DE-627)1912620723
|
| 787 |
0 |
8 |
|i Forschungsdaten zu
|a The White House
|t National Drug Control Strategy
|d Office of National Drug Control Policy, 2008
|w (DE-627)1912630001
|
| 787 |
0 |
8 |
|i Forschungsdaten zu
|a Wray, L.R.
|t A new economic reality: Penal Keynesianism
|d 2000
|w (DE-627)1912635682
|
| 787 |
0 |
8 |
|i Forschungsdaten zu
|a Liu, Patrick
|t Nine Facts About Monetary Sanctions in the Criminal Justice System
|d The Hamilton Project, 2019
|w (DE-627)1912636794
|
| 787 |
0 |
8 |
|i Forschungsdaten zu
|a Kang-Brown, Jacob
|t People in Jail and Prison in 2020
|d [Erscheinungsort nicht ermittelbar] : Vera Institute of Justice, 2021
|w (DE-627)1912648644
|
| 787 |
0 |
8 |
|i Forschungsdaten zu
|a Kang-Brown, Jacob
|t People in Jail and Prison in Spring 2021
|d [Erscheinungsort nicht ermittelbar] : Vera Institute of Justice, 2021
|w (DE-627)1912648652
|
| 787 |
0 |
8 |
|i Forschungsdaten zu
|a Gilliard, Darrell K.
|t Prison and Jail Inmates at Midyear 1998
|d [Erscheinungsort nicht ermittelbar] : United States Department of Justice, Bureau of Justice Statistics, 1999
|w (DE-627)191266318X
|
| 787 |
0 |
8 |
|i Forschungsdaten zu
|a Stober, Emmanuel
|t The race warfare and the United States justice system
|d 2020
|w (DE-627)1912674300
|
| 787 |
0 |
8 |
|i Forschungsdaten zu
|a Gao, Y.N.
|t Relationship between psychiatric inpatient beds and jail populations in the United States
|d 2021
|w (DE-627)1912682818
|
| 787 |
0 |
8 |
|i Forschungsdaten zu
|a Clegg, John
|t Slavery's Carceral Legacy
|d [Erscheinungsort nicht ermittelbar] : [Verlag nicht ermittelbar], 2021
|w (DE-627)1912704617
|
| 787 |
0 |
8 |
|i Forschungsdaten zu
|a Kanable, Rebecca
|t Statistically speaking
|d 2005
|w (DE-627)1912712415
|
| 787 |
0 |
8 |
|i Forschungsdaten zu
|a Hailu, Elleni M.
|t Structural racism, mass incarceration, and racial and ethnic disparities in severe maternal morbidity
|d 2024
|w (DE-627)191271468X
|
| 787 |
0 |
8 |
|i Forschungsdaten zu
|a Ogunro, Nola
|t Three Essays on the Black White Wage Gap
|d [Erscheinungsort nicht ermittelbar] : University of Kentucky, 2009
|w (DE-627)1912724448
|
| 856 |
4 |
0 |
|u https://doi.org/10.3886/ICPSR02682.v1
|x Resolving-System
|z kostenfrei
|3 Volltext
|7 0
|
| 935 |
|
|
|a mkri
|
| 951 |
|
|
|a BO
|
| ELC |
|
|
|a 1
|
| LOK |
|
|
|0 000 xxxxxcx a22 zn 4500
|
| LOK |
|
|
|0 001 4296812955
|
| LOK |
|
|
|0 003 DE-627
|
| LOK |
|
|
|0 004 1840065222
|
| LOK |
|
|
|0 005 20230324125328
|
| LOK |
|
|
|0 008 230324||||||||||||||||ger|||||||
|
| LOK |
|
|
|0 035
|a (DE-2619)ICPSR2682
|
| LOK |
|
|
|0 040
|a DE-2619
|c DE-627
|d DE-2619
|
| LOK |
|
|
|0 092
|o n
|
| LOK |
|
|
|0 852
|a DE-2619
|
| LOK |
|
|
|0 852 1
|9 00
|
| LOK |
|
|
|0 935
|a stat
|a foda
|a nacj
|
| LOK |
|
|
|0 939
|a 24-03-23
|b l01
|
| OAS |
|
|
|a 1
|
| ORI |
|
|
|a SA-MARC-krimdoka001.raw
|
| TIM |
|
|
|a 100019980101_100019981231
|b 1998 - 1998
|